000 00845nam a22002657a 4500
003 0
005 20180726122851.0
008 0
010 _aA-943901
020 _c00
_a8176290955
035 _aA-943901, A-943903
037 _bCen Lib/Ret
040 _aDPL
_bEN
_c0
082 _a305.231
_bMOH
100 _aMohanty, Jagannath
_9106733
245 _aChild development and education today :
_cby Jagannath Mohanty
_bLiterature, art, media and materials /
246 _b
260 _bDeep & Deep Publications
_c1998
_aNew Delhi
270 _bNew Delhi
_aF-159, rajouri garden
_e110027
300 _axxiii, 459p.
_c21cm(Hb)
500 _aincludes bibliographical references and index
650 _aGrowth & Development
_92693
650 _aHealth Care Environment
_x
_92694
942 _2ddc
_cEN
_h305231
_mMOH
999 _c122853
_d122853